[Event "XX C.to Mondiale Seniores"]
[Site "Arco ITA"]
[Date "2010.10.26"]
[Round "1"]
[White "Butnorius, Algimantas"]
[Black "Santos, Julio"]
[WhiteElo "2439"]
[BlackElo "2057"]
[Result "0-1"]
[PlyCount "108"]
[EventDate "2010.10.26"]

1. Nf3 Nf6 2. c4 e6 3. g3 b6 4. Bg2 Bb7 5. d4 Be7 6. Nc3 O-O 7. Qc2 d5 8. cxd5
Nxd5 9. O-O Nd7 10. Nxd5 Bxd5 11. e4 Bb7 12. Rd1 Qc8 13. Bf4 Bd6 14. e5 Be7 15.
Rac1 c5 16. dxc5 Nxc5 17. b4 Na6 18. Qb1 Nc7 19. h4 Rd8 20. Rxd8+ Bxd8 21. Qd3
h6 22. Qd6 Bd5 23. Ne1 Qb7 24. Qd7 Rb8 25. b5 Kf8 26. Bd2 a5 27. bxa6 Nxa6 28.
Qxb7 Bxb7 29. Nd3 Ke8 30. h5 Be7 31. Bxb7 Rxb7 32. Rc8+ Bd8 33. Kf1 Nc7 34. Bb4
Kd7 35. Rxd8+ Kxd8 36. Bf8 Ne8 37. Ke2 Ra7 38. a3 Kd7 39. f4 Kc6 40. g4 f6 41.
Ke3 Rf7 42. Bb4 Nc7 43. exf6 gxf6 44. g5 hxg5 45. fxg5 Rh7 46. gxf6 Nd5+ 47.
Kd4 Nxf6 48. Ke5 Nd5 49. Bd2 Rxh5+ 50. Kxe6 Nc7+ 51. Kf6 Kb5 52. Nb2 Rh2 53.
a4+ Kc6 54. Nc4 Nd5+ 0-1

[Event "XX C.to Mondiale Seniores"]
[Site "Arco ITA"]
[Date "2010.10.26"]
[Round "1"]
[White "Diehl, Klaus"]
[Black "Cesati Cassin, Giorgio"]
[WhiteElo "2103"]
[BlackElo "1598"]
[Result "1-0"]
[PlyCount "55"]
[EventDate "2010.10.26"]

1. Nf3 Nf6 2. d4 g6 3. Bf4 Bg7 4. e3 O-O 5. Be2 d5 6. h3 c5 7. O-O Nbd7 8. Nc3
Qa5 9. Qd2 Ne4 10. Nxe4 Qxd2 11. Nexd2 cxd4 12. exd4 Nb6 13. a4 a5 14. Bc7 Nd7
15. c4 Nf6 16. Rfd1 Ne8 17. Bh2 dxc4 18. Nxc4 Bf5 19. g4 Bc2 20. Rd2 Be4 21.
Ng5 f5 22. Nxe4 fxe4 23. Ne5 Nf6 24. Bc4+ Kh8 25. g5 Nh5 26. Nf7+ Rxf7 27. Bxf7
Rf8 28. Be6 1-0

[Event "XX C.to Mondiale Seniores"]
[Site "Arco ITA"]
[Date "2010.10.26"]
[Round "1"]
[White "Dietzsch, Herbert"]
[Black "Caramaschi, Vincenzo"]
[WhiteElo "2121"]
[BlackElo "1669"]
[Result "1-0"]
[PlyCount "79"]
[EventDate "2010.10.26"]

1. e4 e5 2. Nf3 Nc6 3. Bc4 d6 4. d3 Be7 5. Nc3 Na5 6. Qe2 Nxc4 7. dxc4 Bg4 8.
h3 Bxf3 9. Qxf3 c6 10. O-O Nf6 11. Bg5 h6 12. Bxf6 Bxf6 13. Rfd1 O-O 14. Rd3
Qe7 15. Rad1 Rad8 16. Ne2 Bh4 17. g3 Bg5 18. h4 Bf6 19. Qe3 g5 20. h5 b6 21. g4
Qe6 22. Qf3 Be7 23. b3 Qd7 24. Ng3 Kh7 25. Qf5+ Qxf5 26. Nxf5 Rd7 27. Nxd6 Rxd6
28. Rxd6 Bxd6 29. Rxd6 Kg7 30. Rxc6 Rd8 31. c5 Rd4 32. cxb6 axb6 33. Rc4 Rxc4
34. bxc4 Kf6 35. Kf1 Ke6 36. Ke2 Kd6 37. Kd3 Kc6 38. Kc3 Kd6 39. Kb4 Kc6 40. a3
1-0

[Event "XX C.to Mondiale Seniores"]
[Site "Arco ITA"]
[Date "2010.10.26"]
[Round "1"]
[White "Elfert, Aleksandr V."]
[Black "Garcia, Raimundo"]
[WhiteElo "2022"]
[BlackElo "2331"]
[Result "0-1"]
[PlyCount "152"]
[EventDate "2010.10.26"]

1. d4 d6 2. Nf3 Bg4 3. Nbd2 Nf6 4. h3 Bxf3 5. Nxf3 Nbd7 6. Bg5 g6 7. e3 Bg7 8.
Bd3 O-O 9. c3 c5 10. Qe2 Qa5 11. O-O Qc7 12. Rac1 Rae8 13. Rfd1 Rc8 14. e4 c4
15. Bb1 e6 16. Qd2 b5 17. Re1 Rfe8 18. Rcd1 e5 19. Bh6 Bxh6 20. Qxh6 Nf8 21.
Nh4 Qe7 22. Re3 Kh8 23. Rg3 Ng8 24. Qg5 Qxg5 25. Rxg5 Ne6 26. Rg3 Nf4 27. Re3
Red8 28. Nf3 f6 29. Kh2 Ne7 30. g3 Ne6 31. b4 a5 32. bxa5 Ra8 33. Bc2 Rxa5 34.
Bb1 Ra3 35. Kg2 Kg7 36. h4 Nc8 37. dxe5 dxe5 38. Rxd8 Nxd8 39. Ne1 Ra6 40. Nc2
Rd6 41. Nb4 Nb6 42. Bc2 Ne6 43. Kf1 Nc5 44. Ke1 Kf7 45. f3 Ke6 46. f4 Rd7 47.
fxe5 fxe5 48. Ke2 Ra7 49. Kd2 Na6 50. Nc6 Ra8 51. Re1 Kd6 52. Nb4 Nxb4 53. cxb4
Rxa2 54. Rf1 Ke7 55. h5 Nd7 56. hxg6 hxg6 57. Rf3 Nf8 58. Kc1 Ne6 59. Rc3 Nd4
60. Bd1 Nc6 61. Kb1 Nxb4 62. g4 Rd2 63. Kc1 Rd6 64. Rh3 Nd3+ 65. Kb1 Nc5 66.
Bf3 Rd3 67. g5 Ne6 68. Rh7+ Kd6 69. Bg4 Nxg5 70. Rb7 Nxe4 71. Rb6+ Kc5 72. Rxg6
b4 73. Bf5 Nc3+ 74. Kc1 Rf3 75. Bd7 b3 76. Rc6+ Kd5 0-1

[Event "XX C.to Mondiale Seniores"]
[Site "Arco ITA"]
[Date "2010.10.26"]
[Round "1"]
[White "Farago, Ivan"]
[Black "Belokopyt, Boris"]
[WhiteElo "2420"]
[BlackElo "2041"]
[Result "1-0"]
[PlyCount "87"]
[EventDate "2010.10.26"]

1. d4 Nf6 2. c4 e5 3. dxe5 Ng4 4. Bf4 Nc6 5. Nf3 Bb4+ 6. Nbd2 d6 7. Bg5 Qd7 8.
exd6 Nge5 9. Nxe5 Nxe5 10. e3 Qf5 11. Bf4 Bxd6 12. Be2 Nd3+ 13. Bxd3 Qxd3 14.
Bxd6 Qxd6 15. O-O O-O 16. Qc2 Bd7 17. Nf3 Bc6 18. Nd4 Bd7 19. Rad1 Bg4 20. f3
Bh5 21. Nf5 Qe6 22. e4 Bg6 23. Ne3 Qb6 24. c5 Qa5 25. Nd5 c6 26. b4 Qd8 27. Nb6
Qg5 28. Nxa8 Rxa8 29. Qd2 Qh4 30. g3 Qf6 31. Qd6 h6 32. Qxf6 gxf6 33. g4 a5 34.
a3 h5 35. h3 hxg4 36. hxg4 Kg7 37. Rd7 axb4 38. axb4 Ra7 39. Rb1 Kh6 40. Kf2
Kg5 41. Kg3 Ra3 42. Re1 Ra7 43. f4+ Kh6 44. f5 1-0

[Event "XX C.to Mondiale Seniores"]
[Site "Arco ITA"]
[Date "2010.10.26"]
[Round "1"]
[White "Hocevar, Nikola"]
[Black "Cebalo, Miso"]
[WhiteElo "2081"]
[BlackElo "2493"]
[Result "0-1"]
[PlyCount "77"]
[EventDate "2010.10.26"]

1. d4 Nf6 2. Nf3 e6 3. e3 b6 4. Nbd2 Bb7 5. Bd3 c5 6. c3 Be7 7. O-O Nc6 8. Re1
Qc7 9. a3 d5 10. Qe2 Rd8 11. b4 O-O 12. Bb2 e5 13. Nxe5 Nxe5 14. dxe5 Qxe5 15.
Nf3 Qh5 16. Nd2 Qh6 17. Bf5 Bd6 18. Bh3 Bc8 19. Qf3 Rfe8 20. Nf1 Bxh3 21. Qxh3
Qg6 22. Qf3 Ne4 23. Qd1 Be5 24. Rc1 Qc6 25. f3 Nd6 26. Nd2 Bf6 27. Qc2 c4 28.
Rcd1 Re6 29. Nf1 g6 30. Re2 Nf5 31. Qd2 h5 32. Qe1 b5 33. Qf2 Rde8 34. Rde1 Bd8
35. Bc1 Bb6 36. h3 h4 37. g4 hxg3 38. Nxg3 Rf6 39. Nxf5 0-1

[Event "XX C.to Mondiale Seniores"]
[Site "Arco ITA"]
[Date "2010.10.26"]
[Round "1"]
[White "Kaufman, Larry C."]
[Black "Catania, Duane"]
[WhiteElo "2413"]
[BlackElo "2037"]
[Result "1-0"]
[PlyCount "55"]
[EventDate "2010.10.26"]

1. d4 e6 2. c4 b6 3. e4 Bb7 4. Bd3 Bb4+ 5. Bd2 Qe7 6. Nf3 Bxd2+ 7. Nbxd2 d6 8.
O-O Nd7 9. b4 Nh6 10. Qc2 e5 11. d5 O-O 12. Nb3 Rae8 13. Rfe1 Bc8 14. Rac1 Ba6
15. Nfd2 Qg5 16. c5 Bxd3 17. Qxd3 f5 18. cxd6 cxd6 19. Rc7 fxe4 20. Nxe4 Qf5
21. Qe2 Re7 22. Nxd6 Qf4 23. Ne4 Ng4 24. g3 Qf5 25. f3 Qxf3 26. Qxf3 Rxf3 27.
d6 Ref7 28. Ng5 1-0

[Event "XX C.to Mondiale Seniores"]
[Site "Arco ITA"]
[Date "2010.10.26"]
[Round "1"]
[White "Laco, Giuseppe"]
[Black "Trifoni, Giorgio"]
[WhiteElo "2126"]
[BlackElo "1691"]
[Result "1-0"]
[PlyCount "55"]
[EventDate "2010.10.26"]

1. c4 b6 2. Nc3 Bb7 3. d4 e6 4. e4 Bb4 5. f3 Bxc3+ 6. bxc3 Ne7 7. Ba3 d6 8. Bd3
Nd7 9. Ne2 g6 10. Qd2 h6 11. O-O g5 12. f4 g4 13. e5 d5 14. cxd5 Nxd5 15. c4
Ne7 16. f5 Nf8 17. Qf4 exf5 18. Bxf5 Nxf5 19. Qxf5 Qd7 20. Qf6 Ng6 21. d5 c5
22. e6 Qe7 23. exf7+ Kd7 24. Qxg6 Qxe2 25. Rae1 Qxc4 26. Qe6+ Kc7 27. Qe7+ Kc8
28. f8=R+ 1-0

[Event "XX C.to Mondiale Seniores"]
[Site "Arco ITA"]
[Date "2010.10.26"]
[Round "1"]
[White "Muratoglu, Salih"]
[Black "Jansa, Vlastimil"]
[WhiteElo "2090"]
[BlackElo "2499"]
[Result "0-1"]
[PlyCount "54"]
[EventDate "2010.10.26"]

1. d4 Nf6 2. c4 g6 3. Nc3 d5 4. cxd5 Nxd5 5. Nf3 Bg7 6. e3 O-O 7. Be2 c5 8. O-O
Nc6 9. Nxd5 Qxd5 10. dxc5 Qxc5 11. Qb3 a5 12. Qc4 Qxc4 13. Bxc4 a4 14. a3 Bf5
15. Ne1 Na5 16. Ba2 Rfd8 17. f3 Rac8 18. g4 Be6 19. Bxe6 fxe6 20. Ng2 Nb3 21.
Rb1 Rc2 22. e4 Nd2 23. Ne1 Rc6 24. Bxd2 Rxd2 25. b3 Bd4+ 26. Kh1 axb3 27. Rxb3
Rc1 0-1

[Event "XX C.to Mondiale Seniores"]
[Site "Arco ITA"]
[Date "2010.10.26"]
[Round "1"]
[White "Pavlov, Mircea Sergiu"]
[Black "Schwertel, Johann"]
[WhiteElo "2362"]
[BlackElo "2027"]
[Result "1-0"]
[PlyCount "79"]
[EventDate "2010.10.26"]

1. e4 d5 2. exd5 Qxd5 3. Nf3 Nf6 4. d4 c6 5. c4 Qa5+ 6. Nc3 Bf5 7. Be2 e6 8.
O-O Be7 9. Bf4 O-O 10. a3 Qd8 11. Qb3 Qb6 12. Qa2 Nh5 13. Be3 Qc7 14. Ne5 Nf6
15. Bf4 Qc8 16. Rac1 Ne4 17. Bf3 Ng5 18. d5 Nxf3+ 19. Nxf3 Bf6 20. Rfe1 Nd7 21.
dxe6 Bxe6 22. Ne4 Be7 23. Nd4 Nc5 24. Nxc5 Bxc5 25. Nxe6 fxe6 26. Be3 Bxe3 27.
Rxe3 c5 28. b4 Rf6 29. Qe2 Qc6 30. b5 Qb6 31. Rd1 a6 32. a4 Raf8 33. f3 Re8 34.
Rd7 Rf7 35. Red3 axb5 36. axb5 Qa7 37. Qb2 Qa5 38. Kf2 Ree7 39. Ra3 Qxa3 40.
Rd8+ 1-0

[Event "XX C.to Mondiale Seniores"]
[Site "Arco ITA"]
[Date "2010.10.26"]
[Round "1"]
[White "Pipitone, Antonio"]
[Black "Shvedchikov, Anatoli I."]
[WhiteElo "2048"]
[BlackElo "2421"]
[Result "0-1"]
[PlyCount "72"]
[EventDate "2010.10.26"]

1. e4 c5 2. Nf3 Nc6 3. d4 cxd4 4. Nxd4 g6 5. Nc3 Bg7 6. Be3 Nf6 7. Be2 O-O 8.
O-O d6 9. h3 Bd7 10. f4 Qb6 11. Qd3 Qxb2 12. Rab1 Qa3 13. Rxb7 Na5 14. Ndb5
Bxb5 15. Rxb5 Nc6 16. Rfb1 Qa6 17. Qd2 Qc8 18. Bf3 Nd7 19. Nd5 e6 20. Nc3 a6
21. Rb7 Na5 22. Nd5 exd5 23. Qxa5 dxe4 24. Bxe4 Qe8 25. Rxd7 Qxe4 26. Qd2 Rac8
27. Qd3 Rfe8 28. Rb3 Qxd3 29. Rxd3 Rxe3 30. Rxe3 Bd4 31. Kf2 Re8 32. Rxd6 Bxe3+
33. Kf3 Bc5 34. Rxa6 Re3+ 35. Kg4 f5+ 36. Kg5 Kg7 0-1

[Event "XX C.to Mondiale Seniores"]
[Site "Arco ITA"]
[Date "2010.10.26"]
[Round "1"]
[White "Pushkov, Nikolai"]
[Black "Jones, Brian"]
[WhiteElo "2466"]
[BlackElo "2079"]
[Result "1-0"]
[PlyCount "51"]
[EventDate "2010.10.26"]

1. d4 Nf6 2. c4 g6 3. Nc3 Bg7 4. e4 d6 5. Nf3 O-O 6. h3 e5 7. d5 a5 8. Bg5 Na6
9. Be2 Qe8 10. Nd2 c6 11. a3 Bd7 12. O-O h6 13. Be3 Qe7 14. Na4 c5 15. Nb6 Rab8
16. Nxd7 Nxd7 17. Qc2 f5 18. exf5 gxf5 19. f3 Rf7 20. Rae1 Rbf8 21. f4 exf4 22.
Bxf4 Bd4+ 23. Kh1 Qf6 24. Bh5 Rg7 25. Re6 Qh4 26. Rxh6 1-0

[Event "XX C.to Mondiale Seniores"]
[Site "Arco ITA"]
[Date "2010.10.26"]
[Round "1"]
[White "Rajkovic, Dusan"]
[Black "Finnlaugsson, Gunnar"]
[WhiteElo "2443"]
[BlackElo "2072"]
[Result "1-0"]
[PlyCount "109"]
[EventDate "2010.10.26"]

1. d4 Nf6 2. c4 c5 3. d5 b5 4. cxb5 a6 5. b6 d6 6. Nc3 Nbd7 7. e4 g6 8. a4 Qxb6
9. a5 Qd8 10. f4 Bg7 11. Bc4 O-O 12. Nf3 Ne8 13. O-O Nc7 14. Qd3 Rb8 15. Ra2
Rb4 16. b3 Re8 17. Bd2 Rb8 18. Be1 Nf8 19. Bh4 Qd7 20. h3 Nb5 21. Ne2 Qa7 22.
Kh1 Nd7 23. Bf2 Qc7 24. Bg1 Nf8 25. Rc1 Qb7 26. e5 Bf5 27. Qe3 Nc7 28. Nc3 Rbd8
29. Rd2 Bc8 30. Na4 Bd7 31. Nb6 Bb5 32. Bf2 Na8 33. b4 Nxb6 34. axb6 Bxc4 35.
Rxc4 Qxb6 36. bxc5 Qb5 37. Rc1 dxc5 38. Rxc5 Qf1+ 39. Kh2 Bh6 40. Ra2 Ra8 41.
Bh4 Qb1 42. Ra4 Qb7 43. Nd4 Nd7 44. Rc6 Qb8 45. Qe4 a5 46. Rc3 Qb2 47. Rac4 a4
48. e6 Nf8 49. exf7+ Kxf7 50. d6 Qd2 51. Rf3 Ra7 52. dxe7 Rexe7 53. Bxe7 Rxe7
54. Qd5+ Kg7 55. Nf5+ 1-0

[Event "XX C.to Mondiale Seniores"]
[Site "Arco ITA"]
[Date "2010.10.26"]
[Round "1"]
[White "Rukavina, Josip"]
[Black "Poropat, Marijan"]
[WhiteElo "2423"]
[BlackElo "2055"]
[Result "1-0"]
[PlyCount "138"]
[EventDate "2010.10.26"]

1. d4 d6 2. e4 g6 3. Nf3 Bg7 4. Bc4 Nc6 5. d5 Nb8 6. O-O Nf6 7. Re1 O-O 8. Nc3
a6 9. a4 b6 10. h3 Bb7 11. Bf4 c6 12. Qe2 Nbd7 13. dxc6 Bxc6 14. Rad1 Qc8 15.
Nd4 Bb7 16. Nd5 Re8 17. Bg5 h6 18. Bh4 e6 19. Nxf6+ Nxf6 20. Bd3 Nh5 21. c3 Nf4
22. Qe3 e5 23. Nc2 d5 24. exd5 Bxd5 25. Bf1 Qb7 26. f3 Bb3 27. Rd2 Bf8 28. Qe4
Bd5 29. Rxd5 Qxd5 30. Bf2 Qxe4 31. fxe4 Reb8 32. g3 Ne6 33. Ne3 Nc5 34. Nd5
Nxa4 35. b3 Nc5 36. b4 Na4 37. Re3 a5 38. Rf3 Rb7 39. Bb5 axb4 40. cxb4 Rbb8
41. Bc6 Ra7 42. Ra3 Rc8 43. Rxa4 Rxa4 44. Bxa4 Rc4 45. Bb5 Rc1+ 46. Bf1 Rb1 47.
b5 f5 48. Bxb6 Bd6 49. Be3 Kf7 50. Kf2 Ke6 51. Bc4 Rb2+ 52. Kf3 Rc2 53. Bd3 Rb2
54. Bxh6 Rb3 55. Ke2 fxe4 56. Bc4 Rxg3 57. h4 Bb8 58. b6 Kd6 59. Be3 Rh3 60.
Bf2 Ra3 61. Kd2 Rf3 62. Ke2 Ra3 63. Nf6 Ra4 64. Nxe4+ Kc6 65. Bd5+ Kxd5 66.
Nc3+ Kc6 67. Nxa4 Bd6 68. Kd3 Be7 69. Ke4 Bd8 1-0

[Event "XX C.to Mondiale Seniores"]
[Site "Arco ITA"]
[Date "2010.10.26"]
[Round "1"]
[White "Shamis, Mordehay"]
[Black "Dydyshko, Viacheslav"]
[WhiteElo "2096"]
[BlackElo "2547"]
[Result "0-1"]
[PlyCount "118"]
[EventDate "2010.10.26"]

1. e4 c5 2. Nf3 d6 3. d4 cxd4 4. Nxd4 Nf6 5. Nc3 a6 6. Bg5 Nbd7 7. Qd2 e6 8.
Be2 b5 9. a3 Bb7 10. f3 Be7 11. O-O O-O 12. Rad1 Rc8 13. Kh1 Qc7 14. Be3 Rfd8
15. Qe1 d5 16. exd5 Nxd5 17. Nxd5 Bxd5 18. Bd2 Nb6 19. Ba5 Bf6 20. c3 Qb7 21.
Qf2 Rd6 22. Qg3 Rd7 23. Qf2 Rd6 24. Qg3 Rd7 25. Bxb6 Qxb6 26. f4 Rcd8 27. Rd2
Bc4 28. Bxc4 bxc4 29. h3 Bxd4 30. cxd4 Rxd4 31. Qf2 Qd6 32. Qxd4 Qxd4 33. Rxd4
Rxd4 34. Rf2 Kf8 35. f5 Ke7 36. fxe6 fxe6 37. Rf3 e5 38. Kg1 Ke6 39. Kf1 Rd1+
40. Ke2 Rb1 41. b4 cxb3 42. Kd2 Rb2+ 43. Kc3 Rxg2 44. Kxb3 Kd5 45. a4 Kd4 46.
Rf1 Rg3+ 47. Kb4 Rxh3 48. Rf7 Rh6 49. Rxg7 Kd3 50. Rd7+ Ke3 51. a5 e4 52. Rb7
Kf2 53. Rb6 Rxb6+ 54. axb6 e3 55. b7 e2 56. b8=Q e1=Q+ 57. Kc5 Qc3+ 58. Kd5
Qd3+ 59. Ke5 Qb5+ 0-1

[Event "XX C.to Mondiale Seniores"]
[Site "Arco ITA"]
[Date "2010.10.26"]
[Round "1"]
[White "Spano' Cuomo, Gaetano"]
[Black "Welz, Peter"]
[WhiteElo "1806"]
[BlackElo "2156"]
[Result "0-1"]
[PlyCount "76"]
[EventDate "2010.10.26"]

1. d4 f5 2. c4 Nf6 3. Nc3 g6 4. Nf3 Bg7 5. e3 O-O 6. Be2 b6 7. O-O Bb7 8. Bd2
e6 9. Rc1 Qe7 10. Ne1 d6 11. Bf3 Nc6 12. b4 e5 13. b5 Nd8 14. Bxb7 Nxb7 15. d5
e4 16. Ne2 Ng4 17. h3 Ne5 18. Nd4 Nc5 19. Bc3 a5 20. Nc6 Qh4 21. f4 exf3 22.
Nxf3 Qe4 23. Bd4 Nxc6 24. dxc6 Bh6 25. Rc3 Rae8 26. Re1 Ne6 27. Rd3 Ng5 28.
Nxg5 Bxg5 29. a4 f4 30. Bxb6 cxb6 31. Rd4 Qe7 32. Rxd6 fxe3 33. Rd7 Qe6 34. Qd4
Bf6 35. Qxb6 e2 36. Qxa5 Qe3+ 37. Kh1 Bc3 38. Qc7 Rf1+ 0-1

[Event "XX C.to Mondiale Seniores"]
[Site "Arco ITA"]
[Date "2010.10.26"]
[Round "1"]
[White "Tavcar, Rado"]
[Black "Klundt, Klaus"]
[WhiteElo "2025"]
[BlackElo "2355"]
[Result "0-1"]
[PlyCount "50"]
[EventDate "2010.10.26"]

1. d4 d5 2. c4 c6 3. cxd5 cxd5 4. Nc3 Nf6 5. Bf4 Nc6 6. e3 Bg4 7. Nf3 e6 8. Bd3
Bd6 9. Bxd6 Qxd6 10. h3 Bh5 11. Rc1 O-O 12. O-O Rac8 13. Ne2 Bxf3 14. gxf3 e5
15. Bf5 Rcd8 16. dxe5 Qxe5 17. Ng3 g6 18. Bd3 d4 19. e4 Nh5 20. Nxh5 Qxh5 21.
Kh2 Qe5+ 22. Kg2 Qg5+ 23. Kh1 Ne5 24. Rg1 Qf4 25. Rg3 Nxd3 0-1

[Event "XX C.to Mondiale Seniores"]
[Site "Arco ITA"]
[Date "2010.10.26"]
[Round "1"]
[White "Thonig, Manfred"]
[Black "Stull, Norbert"]
[WhiteElo "1607"]
[BlackElo "2110"]
[Result "0-1"]
[PlyCount "59"]
[EventDate "2010.10.26"]

1. f4 Nf6 2. Nf3 g6 3. e3 Bg7 4. d4 O-O 5. Bd3 d6 6. O-O c5 7. b3 Nc6 8. c3 Bg4
9. Qc2 Rc8 10. Nbd2 cxd4 11. exd4 Nb4 12. Qb1 Rxc3 13. Be2 Nc2 14. Bb2 Rc8 15.
h3 Bxf3 16. Bxf3 d5 17. a4 Nxa1 18. Bxa1 Qc7 19. g3 Qc2 20. Qe1 e6 21. Qf2 Ne4
22. Bxe4 dxe4 23. Qe3 f5 24. Nc4 Rxc4 25. bxc4 Qxc4 26. a5 Rc8 27. g4 Qa4 28.
Bc3 Rxc3 29. Qe1 Qxd4+ 30. Kh2 0-1

[Event "XX C.to Mondiale Seniores"]
[Site "Arco ITA"]
[Date "2010.10.26"]
[Round "1"]
[White "Timoscenko, Gennadij A."]
[Black "Rasmussen, Lars-Bo"]
[WhiteElo "2499"]
[BlackElo "2090"]
[Result "1-0"]
[PlyCount "55"]
[EventDate "2010.10.26"]

1. d4 f5 2. e4 fxe4 3. Nc3 Nf6 4. Bg5 c6 5. f3 exf3 6. Nxf3 d6 7. Qd2 Bg4 8.
O-O-O Nbd7 9. h3 Bh5 10. Bc4 d5 11. Bd3 h6 12. Bf4 Qa5 13. g4 Bf7 14. g5 Nh5
15. Ne5 Nxe5 16. Bxe5 hxg5 17. Qxg5 Rh6 18. Rhf1 Nf6 19. Rde1 Kd8 20. Kb1 c5
21. dxc5 Qxc5 22. Nb5 Rh5 23. Qf4 Rh6 24. Bd4 Qc6 25. Nxa7 Qc7 26. Qf2 Nd7 27.
Qxf7 Qa5 28. Re6 1-0

[Event "XX C.to Mondiale Seniores"]
[Site "Arco ITA"]
[Date "2010.10.26"]
[Round "1"]
[White "Tribuiani, Renato"]
[Black "Suba, Mihai"]
[WhiteElo "2076"]
[BlackElo "2464"]
[Result "0-1"]
[PlyCount "102"]
[EventDate "2010.10.26"]

1. d4 Nf6 2. Nc3 d5 3. e4 dxe4 4. f3 exf3 5. Nxf3 Bg4 6. h3 Bxf3 7. Qxf3 c6 8.
Qf2 e6 9. Bd3 Be7 10. O-O Nbd7 11. b4 O-O 12. Bg5 Nd5 13. Qh4 f5 14. Bxe7 Nxe7
15. Qe1 Rf6 16. Ne2 e5 17. dxe5 Nxe5 18. Rd1 Qb6+ 19. Kh1 Nxd3 20. Rxd3 Re6 21.
Qd2 Re8 22. Nd4 Re4 23. c3 Qa6 24. Nxf5 Nxf5 25. Rxf5 Re1+ 26. Kh2 Qb6 27. Qf2
Qc7+ 28. Qf4 Qxf4+ 29. Rxf4 h6 30. a4 R8e7 31. Kg3 Rc1 32. Rff3 a6 33. Rfe3 Rc7
34. Re5 Rf7 35. Re8+ Kh7 36. Ree3 Ra1 37. a5 Ra2 38. Rf3 Rc7 39. Rf4 Re7 40.
Rf2 Ra3 41. Rf5 Kg6 42. Rf4 c5 43. bxc5 Rc7 44. Rc4 Kh7 45. c6 Rxc6 46. Rxc6
bxc6 47. Kf4 Rxa5 48. Ke4 Rc5 49. c4 Rxc4+ 50. Ke5 a5 51. Ra3 a4 0-1

[Event "XX C.to Mondiale Seniores"]
[Site "Arco ITA"]
[Date "2010.10.26"]
[Round "1"]
[White "Vaisser, Anatoly V."]
[Black "Andersson, Kaj"]
[WhiteElo "2507"]
[BlackElo "2093"]
[Result "1-0"]
[PlyCount "75"]
[EventDate "2010.10.26"]

1. d4 d5 2. c4 c6 3. Nc3 Nf6 4. cxd5 cxd5 5. Bf4 e6 6. e3 Bd6 7. Bxd6 Qxd6 8.
Bd3 O-O 9. f4 a6 10. g4 Qb4 11. Rb1 Nc6 12. a3 Qa5 13. g5 Ne4 14. Nge2 f5 15.
gxf6 Nxf6 16. Ng3 Bd7 17. O-O Rac8 18. b4 Qd8 19. Na4 Ne7 20. Nc5 Rc7 21. Rc1
Nf5 22. Nxe6 Bxe6 23. Nxf5 Rxc1 24. Qxc1 Ng4 25. Ng3 Qh4 26. Qd2 Rf6 27. f5 Bd7
28. Rf4 Qg5 29. h4 Qxh4 30. Qg2 Qg5 31. Qxd5+ Kf8 32. Qxd7 Nxe3 33. Qd8+ Kf7
34. Qc7+ Kg8 35. Re4 h5 36. Qf4 Qxf4 37. Rxf4 g5 38. Rf3 1-0

[Event "XX C.to Mondiale Seniores"]
[Site "Arco ITA"]
[Date "2010.10.26"]
[Round "1"]
[White "Van Riemsdijk, Herman C."]
[Black "Benson, Lachlan"]
[WhiteElo "2390"]
[BlackElo "2032"]
[Result "1-0"]
[PlyCount "95"]
[EventDate "2010.10.26"]

1. e4 c5 2. Nf3 e6 3. d4 cxd4 4. Nxd4 Nc6 5. Nc3 Bb4 6. Ndb5 d6 7. a3 Bxc3+ 8.
bxc3 d5 9. exd5 exd5 10. Bf4 Be6 11. Nc7+ Kf8 12. Nxa8 Qxa8 13. Bd3 Nge7 14.
O-O Qd8 15. Re1 Ng6 16. Bg3 Qf6 17. Qb1 b6 18. Bb5 Nce7 19. Qb4 Kg8 20. Qd4 Nf5
21. Qxf6 gxf6 22. Bb8 Kg7 23. Bg3 Rc8 24. Bd3 Rxc3 25. a4 Nxg3 26. hxg3 Ne5 27.
Red1 h6 28. Kf1 Nc6 29. Ke2 Nb4 30. Kd2 d4 31. Rh1 Bc4 32. Be4 Bd5 33. Bxd5
Nxd5 34. Rh4 Nb4 35. Rxd4 Rxc2+ 36. Ke1 Rb2 37. Rd2 Rb3 38. Ke2 a5 39. Rc1 Ra3
40. Rc7 Rxa4 41. Rdd7 Ra2+ 42. Kf3 Nc2 43. g4 Ne1+ 44. Kg3 Ra3+ 45. f3 Ra2 46.
Rxf7+ Kg8 47. Rfe7 Rxg2+ 48. Kh3 1-0

[Event "XX C.to Mondiale Seniores"]
[Site "Arco ITA"]
[Date "2010.10.26"]
[Round "1"]
[White "Vanzan, Alessandro"]
[Black "Blaushtain, Boris"]
[WhiteElo "1751"]
[BlackElo "2139"]
[Result "0-1"]
[PlyCount "62"]
[EventDate "2010.10.26"]

1. c4 Nf6 2. Nc3 e5 3. d3 Bc5 4. Nf3 Nc6 5. g3 d6 6. Bg2 h6 7. O-O a6 8. Be3
O-O 9. Bxc5 dxc5 10. Na4 Qd6 11. Nd2 Bd7 12. Nc3 Be6 13. Nde4 Nxe4 14. Nxe4 Qe7
15. e3 Rad8 16. Qb3 b6 17. Nc3 Qd7 18. Rad1 Ne7 19. a4 f5 20. Ne2 g5 21. f4 Ng6
22. Qc3 exf4 23. exf4 Qxa4 24. Ra1 Qe8 25. Rxa6 Bc8 26. Bd5+ Rxd5 27. Ra7 Qe3+
28. Rf2 Rxd3 29. Qe1 gxf4 30. Rxc7 Ne5 31. Kg2 f3+ 0-1

[Event "XX C.to Mondiale Seniores"]
[Site "Arco ITA"]
[Date "2010.10.26"]
[Round "1"]
[White "Vrhovnik, Damir"]
[Black "Ermenkov, Evgenij P."]
[WhiteElo "2066"]
[BlackElo "2442"]
[Result "0-1"]
[PlyCount "98"]
[EventDate "2010.10.26"]

1. Nf3 g6 2. c4 Bg7 3. g3 c5 4. Bg2 Nc6 5. O-O Nh6 6. Nc3 Nf5 7. b3 b6 8. Bb2
Bb7 9. e3 h5 10. h4 d6 11. Qc2 Qd7 12. Nd5 Ne5 13. Nxe5 dxe5 14. Rad1 Rd8 15.
e4 Nd4 16. Bxd4 exd4 17. d3 e6 18. Nf4 Qe7 19. Nh3 e5 20. Rde1 Bc8 21. f4 Bxh3
22. Bxh3 exf4 23. gxf4 Qxh4 24. Qh2 O-O 25. e5 Kh8 26. Re4 Bh6 27. f5 Be3+ 28.
Kh1 Qg5 29. Rf3 Qh6 30. f6 Rfe8 31. e6 fxe6 32. Qe5 Rf8 33. Bxe6 Qh7 34. Bd5
Qh6 35. Qe7 a6 36. f7 Bg5 37. Qe5+ Kh7 38. Rg3 Be3 39. Qf6 Qg7 40. Qxb6 Rxd5
41. cxd5 Qxf7 42. Kh2 Qf2+ 43. Rg2 Bf4+ 44. Rxf4 Qxf4+ 45. Kg1 Qe3+ 46. Kh2
Qe5+ 47. Kg1 Rf6 48. Qb7+ Kh6 49. Qc8 Rf3 0-1

[Event "XX C.to Mondiale Seniores"]
[Site "Arco ITA"]
[Date "2010.10.26"]
[Round "1"]
[White "Wuensch, Ulrich"]
[Black "Chernikov, Oleg L."]
[WhiteElo "2056"]
[BlackElo "2425"]
[Result "0-1"]
[PlyCount "62"]
[EventDate "2010.10.26"]

1. d4 Nf6 2. Nf3 c6 3. Bg5 Qb6 4. Qc1 Ne4 5. Bh4 g5 6. Bg3 g4 7. Nh4 Nxg3 8.
hxg3 Qxd4 9. e3 Qf6 10. Be2 d5 11. c3 Be6 12. Qd1 Rg8 13. Qb3 Bc8 14. Nd2 Nd7
15. Qc2 h5 16. e4 Bh6 17. exd5 cxd5 18. Nb3 e6 19. Nd4 a6 20. Rd1 Ne5 21. b3
Bd7 22. b4 Rc8 23. Nb3 Ba4 24. b5 axb5 25. Rd4 Nc6 26. Rd3 Nb4 27. Qd1 Nxd3+
28. Qxd3 Qxc3+ 29. Kf1 Bxb3 30. Qxb5+ Kf8 31. axb3 Qb2 0-1

[Event "XX C.to Mondiale Seniores"]
[Site "Arco ITA"]
[Date "2010.10.26"]
[Round "1"]
[White "Zamora, Aurel"]
[Black "Toefferl, Heimo"]
[WhiteElo "1673"]
[BlackElo "2126"]
[Result "0-1"]
[PlyCount "70"]
[EventDate "2010.10.26"]

1. e4 e6 2. d4 d5 3. Nc3 Bb4 4. e5 c5 5. Bd2 cxd4 6. Nb5 Be7 7. Nxd4 Nc6 8.
Ngf3 Bd7 9. c3 a6 10. Bd3 Qc7 11. Bf4 Bc5 12. Rc1 Nge7 13. a3 Ng6 14. Bxg6 hxg6
15. Qe2 Qb6 16. Nxc6 bxc6 17. O-O Be7 18. c4 O-O 19. Be3 Qb7 20. c5 Rfb8 21.
Rb1 Bc8 22. Rfc1 Qc7 23. Qd3 a5 24. Bg5 Bxg5 25. Nxg5 Qxe5 26. f4 Qxf4 27. Nh3
Qh6 28. Rf1 Ba6 29. Qg3 Bxf1 30. Kxf1 Rxb2 31. Rd1 Rab8 32. Nf2 Rb1 33. Ke1
Rxd1+ 34. Kxd1 Rb1+ 35. Ke2 Rb2+ 0-1

[Event "XX C.to Mondiale Seniores"]
[Site "Arco ITA"]
[Date "2010.10.26"]
[Round "1"]
[White "Zanin, Umberto"]
[Black "Ozbilen, Mehdi Hayri"]
[WhiteElo "1623"]
[BlackElo "2114"]
[Result "0-1"]
[PlyCount "102"]
[EventDate "2010.10.26"]

1. c4 Nf6 2. Nc3 g6 3. Nf3 Bg7 4. g3 d6 5. Bg2 e5 6. d3 O-O 7. O-O c6 8. Rb1 a5
9. a3 Re8 10. Bd2 h6 11. Qc1 Kh7 12. Ne1 Nbd7 13. Ne4 Nxe4 14. Bxe4 Nc5 15. Bg2
Nb3 16. Qd1 a4 17. e4 Bg4 18. f3 Qb6+ 19. Kh1 Be6 20. Nc2 Rf8 21. Be3 c5 22.
Na1 Nxa1 23. Rxa1 f5 24. Rb1 f4 25. Bf2 Qd8 26. b4 b6 27. bxc5 fxg3 28. Bxg3
bxc5 29. Rf2 Qc7 30. Rfb2 Rfb8 31. Qc2 Bd7 32. Bf1 Bf6 33. Be2 Bg5 34. h4 Be3
35. Kg2 Bd4 36. Rb5 Bxb5 37. cxb5 Ra5 38. Qc4 Kg7 39. Bf2 Bxf2 40. Kxf2 Qd7 41.
b6 Qd8 42. b7 Ra7 43. Qd5 Qxh4+ 44. Ke3 Qg5+ 45. Kf2 Qe7 46. Qc6 Raxb7 47. Rg1
Rb2 48. Rg2 h5 49. Qxa4 Qh4+ 50. Ke3 Qf4+ 51. Kf2 Rxe2+ 0-1